Corresponsalía de guerra y otros textos olvidados / (Record no. 184033)
[ view plain ]
| 000 -LEADER | |
|---|---|
| campo de control de longitud fija | 01074nam a2200289 i 4500 |
| 001 - NÚMERO DE CONTROL | |
| campo de control | 184033 |
| 003 - IDENTIFICADOR DE NÚMERO DE CONTROL | |
| campo de control | ES-MaACL |
| 005 - FECHA Y HORA DE LA ÚLTIMA TRANSACCIÓN | |
| campo de control | 20231224062935.0 |
| 008 - DATOS DE LONGITUD FIJA--INFORMACIÓN GENERAL | |
| campo de control de longitud fija | 150223s2014 sp |||| |dspa d |
| 020 ## - NÚMERO INTERNACIONAL ESTÁNDAR DEL LIBRO | |
| Número Internacional Estándar del Libro | 978-84-7035-102-0 |
| 080 ## - NÚMERO DE LA CLASIFICACIÓN DECIMAL UNIVERSAL | |
| Número de la Clasificación Decimal Universal | 821.134.2-92"19" |
| 100 1# - ENTRADA PRINCIPAL--NOMBRE DE PERSONA | |
| Nombre de persona | Baroja, Pío, |
| Fechas asociadas al nombre | 1872-1956 |
| 9 (RLIN) | 25752 |
| 245 10 - MENCIÓN DEL TÍTULO | |
| Título | Corresponsalía de guerra y otros textos olvidados / |
| Mención de responsabilidad, etc. | Pío Baroja ; recopilación, introducción y notas de Miguel Ángel García de Juan. |
| 260 ## - PUBLICACIÓN, DISTRIBUCIÓN, ETC. | |
| Lugar de publicación, distribución, etc. | Madrid : |
| Nombre del editor, distribuidor, etc. | Caro Raggio, |
| Fecha de publicación, distribución, etc. | [2014] |
| 300 ## - DESCRIPCIÓN FÍSICA | |
| Extensión | 230 p. ; |
| Dimensiones | 21 cm. |
| 490 1# - MENCIÓN DE SERIE | |
| Mención de serie | Itzea |
| 505 8# - NOTA DE CONTENIDO CON FORMATO | |
| Nota de contenido con formato | Contiene: Apéndice ; |
| Título | Tres artículos de Ricardo Baroja a partir de su experiencia africana |
| 600 04 - PUNTO DE ACCESO ADICIONAL DE MATERIA--NOMBRE DE PERSONA | |
| Nombre de persona | Bu-Hamara. |
| 9 (RLIN) | 156428 |
| 651 #4 - PUNTO DE ACCESO ADICIONAL DE MATERIA--NOMBRE GEOGRÁFICO | |
| Nombre geográfico | Marruecos- |
| Subdivisión general | Historia- |
| Subdivisión cronológica | S.XX. |
| 9 (RLIN) | 9031 |
| 700 1# - ENTRADA AGREGADA--NOMBRE PERSONAL | |
| Nombre de persona | Baroja, Ricardo, |
| Fechas asociadas al nombre | 1871-1953 |
| 9 (RLIN) | 25759 |
| 700 1# - ENTRADA AGREGADA--NOMBRE PERSONAL | |
| Nombre de persona | García de Juan, Miguel Ángel. |
| 9 (RLIN) | 54436 |
| 700 1# - ENTRADA AGREGADA--NOMBRE PERSONAL | |
| Nombre de persona | Caro Baroja, Julio, |
| Fechas asociadas al nombre | 1914-1995 |
| 9 (RLIN) | 35403 |
| 830 0# - PUNTO DE ACCESO ADICIONAL DE SERIE-TÍTULO UNIFORME | |
| Título uniforme | Itzea |
| 9 (RLIN) | 225028 |
| 852 ## - LOCALIZACIÓN | |
| Ubicación | ES-MaACL |
| Número de control de estantería | A-13420 |
| itemnumber | 190999 |
| Sublocalización o colección | R.150277 |
| Ubicación en estantería | Depósito 1 |
| Signatura antigua | Olim: N-6420 |
| 942 ## - ELEMENTOS DE ENTRADA SECUNDARIOS (KOHA) | |
| Fuente del sistema de clasificación o colocación | Clasificación decimal universal |
| Tipo de ítem Koha | Libro impreso |
| Estatus retirado | Estado de pérdida | Fuente del sistema de clasificación o colocación | Estado de daño | No para préstamo | Biblioteca de origen | Biblioteca actual | Ubicación en estantería | Fecha de adquisición | Fuente de adquisición | Total de préstamos | Signatura topográfica completa | Código de barras | Visto por última vez | Precio de reemplazo | Tipo de ítem Koha |
|---|---|---|---|---|---|---|---|---|---|---|---|---|---|---|---|
| Clasificación decimal universal | Biblioteca del Ateneo de Madrid | Biblioteca del Ateneo de Madrid | Depósito 1 | 23/02/2015 | Donación | A-13420 | 1193520 | 23/02/2023 | 23/02/2023 | Libro impreso |
